| 000 | 00543nam a2200169 i 4500 | ||
|---|---|---|---|
| 001 | 150623 | ||
| 003 | ES-MaACL | ||
| 005 | 20251017063106.0 | ||
| 007 | t| | ||
| 008 | 071031s1978 sp ||||1| spa d | ||
| 100 | 0 |
_aValentín de la Cruz, _cFray (O.C.D.) _9112611 |
|
| 245 | 1 | 0 |
_aCrónica de la Mesa de Burgos en Madrid (1955-1977) / _cFray Valentín de la Cruz. |
| 260 |
_a[Burgos : _bs.n., _c1978] ( _fImp. Santiago Rodríguez) |
||
| 300 |
_a178 p. ; _c24 cm. |
||
| 852 |
_aES-MaACL _jA-8811 _bR.97533 |
||
| 999 |
_c150623 _d150623 |
||